Online
Catalog

Jose Antonio (biografía apasionada) / (Record no. 6744)

MARC details
000 -CABECERA
campo de control de longitud fija 00764cam a2200193 a 4500
001 - NÚMERO DE CONTROL
campo de control 000006960
005 - FECHA Y HORA DE LA ÚLTIMA TRANSACCIÓN
campo de control 20200929154031.0
008 - DATOS DE LONGITUD FIJA--INFORMACIÓN GENERAL
campo de control de longitud fija 811019s1963 sp a b 000 0bspa d
040 ## - FUENTE DE LA CATALOGACIÓN
Centro catalogador/agencia de origen DO-SdBNP
Lengua de catalogación spa
Centro/agencia transcriptor BNPHU
082 ## - NÚMERO DE LA CLASIFICACIÓN DECIMAL DEWEY
Número de clasificación 923.246
Número de documento/Ítem P953X, 1963
100 1# - ENTRADA PRINCIPAL--NOMBRE DE PERSONA
Nombre de persona Ximenez de Sandoval, Felipe.
9 (RLIN) 19335
245 10 - MENCIÓN DE TÍTULO
Título Jose Antonio (biografía apasionada) /
Mención de responsabilidad, etc. Felipe Ximenez de Sandoval ; prólogo Miguel Primo de Rivera y Urquijo.
250 ## - MENCIÓN DE EDICIÓN
Mención de edición 3a ed.
260 ## - PUBLICACIÓN, DISTRIBUCIÓN, ETC.
Lugar de publicación, distribución, etc. Madrid :
Nombre del editor, distribuidor, etc. Bullón,
Fecha de publicación, distribución, etc. 1963.
300 ## - DESCRIPCIÓN FÍSICA
Extensión 535 p. :
Otras características físicas il. ;
Dimensiones 23 cm.
600 20 - PUNTO DE ACCESO ADICIONAL DE MATERIA--NOMBRE DE PERSONA
Nombre de persona PRIMO DE RIVERA Y SÁENZ DE HEREDIA, JOSÉ ANTONIO
Títulos y otros términos asociados al nombre marques de Estella,
Fechas asociadas al nombre 1903-1936.
9 (RLIN) 19336
650 #4 - PUNTO DE ACCESO ADICIONAL DE MATERIA--TÉRMINO DE MATERIA
Término de materia o nombre geográfico como elemento de entrada Estadístas
Subdivisión geográfica España
Subdivisión general Biografía
9 (RLIN) 19337
700 1# - PUNTO DE ACCESO ADICIONAL--NOMBRE DE PERSONA
Nombre de persona Primo de Rivera y Urquijo, José Antonio,
Fechas asociadas al nombre 1903-1936,
Término indicativo de función/relación pról.
9 (RLIN) 19338
Holdings
Estado de retiro Estado de pérdida Restricciones de uso No para préstamo Código de colección Localización permanente Ubicación/localización actual Ubicación en estantería Fecha de adquisición Número de inventario Total de préstamos Signatura topográfica completa Código de barras Fecha visto por última vez Precio válido a partir de Tipo de ítem Koha
    Préstamo interno   Monografías: Libros y Folletos General General En catalogación 03.09.2009 LF1   923.246 P953X, 1963 6960-10 25.06.2020 25.06.2020 Préstamo interno

Powered by Koha